书目信息 |
| 题名: |
少林护身暗器秘传
|
|
| 作者: | 素法 编著 | |
| 分册: | ||
| 出版信息: | 北京 北京体育大学出版社 1998.08 |
|
| 页数: | 478页 | |
| 开本: | 32开 | |
| 丛书名: | ||
| 单 册: | ||
| 中图分类: | G852.29 | |
| 科图分类: | ||
| 主题词: | 武术 , 民族形式体育 | |
| 电子资源: | ||
| ISBN: | 7-81051-268-4 | |
| 000 | 00588nam0 2200205 45 | |
| 001 | 0106141088 | |
| 005 | 20010614103213.8 | |
| 010 | @a7-81051-268-4@d29.80元 | |
| 100 | @a20010614d1998 km y0chiy0120 ea | |
| 101 | 0 | @achi |
| 105 | @a z 000yy | |
| 200 | 1 | @a少林护身暗器秘传@AShao Lin Hu Shen An Qi Mi Chuan@f素法等编著@FSu Fa Deng Bian Zhu |
| 210 | @a北京@c北京体育大学出版社@d1998.08 | |
| 215 | @a478页@d32开 | |
| 606 | 0 | @a武术 |
| 606 | 0 | @a民族形式体育 |
| 690 | @aG852.29@v3 | |
| 701 | 0 | @a素法@4编著 |
| 801 | @aCN@bPftUser@c20010614 | |
| 905 | @a?f5@b347312-316@dG852.29@eS.006 | |
| 少林护身暗器秘传/素法等编著.-北京:北京体育大学出版社,1998.08 |
| 478页;32开 |
| ISBN 7-81051-268-4:29.80元 |
| ● |
| 相关链接 |
|
|
|
正题名:少林护身暗器秘传
索取号:G852.29/S.006
 
预约/预借
| 序号 | 登录号 | 条形码 | 馆藏地/架位号 | 状态 | 备注 |
| 1 | 347312 | 203473124 | 社科库409/409社科库 26排1列1层/ [索取号:G852.29/S.006] | 在馆 | |
| 2 | 347313 | 203473133 | 社科库409/409社科库 26排1列1层/ [索取号:G852.29/S.006] | 在馆 | |
| 3 | 347314 | 203473142 | 社科库409/409社科库 26排1列1层/ [索取号:G852.29/S.006] | 在馆 | |
| 4 | 347315 | 203473151 | 社科库409/409社科库 26排1列1层/ [索取号:G852.29/S.006] | 在馆 | |
| 5 | 347316 | 203473160 | 社科库409/409社科库 26排1列1层/ [索取号:G852.29/S.006] | 在馆 |